Ghara āṇi āṅgana. (Record no. 66557)

MARC details
000 -LEADER
fixed length control field 00637cam a22002291 4500
001 - CONTROL NUMBER
control field sa 65010077
003 - CONTROL NUMBER IDENTIFIER
control field DLC
005 - DATE AND TIME OF LATEST TRANSACTION
control field 20260227112206.0
008 - FIXED-LENGTH DATA ELEMENTS--GENERAL INFORMATION
fixed length control field 940216s1958 xx 000 0 mar
010 ## - LIBRARY OF CONGRESS CONTROL NUMBER
LC control number sa 65010077
035 ## - SYSTEM CONTROL NUMBER
System control number (OCoLC)29823435
040 ## - CATALOGING SOURCE
Original cataloging agency DLC
Transcribing agency NRU
Modifying agency DLC
042 ## - AUTHENTICATION CODE
Authentication code premarc
050 00 - LIBRARY OF CONGRESS CALL NUMBER
Classification number HQ10
Item number .D37
100 1# - MAIN ENTRY--PERSONAL NAME
Personal name Deshpande, Vimalabai,
Dates associated with a name 1903-
245 10 - TITLE STATEMENT
Title Ghara āṇi āṅgana.
Statement of responsibility, etc. [Lekhikā] Vimalābāī Deśapāṇḍe.
250 ## - EDITION STATEMENT
Edition statement [Prathamāvr̥tti]
260 ## - PUBLICATION, DISTRIBUTION, ETC.
Place of publication, distribution, etc. Mumbaī,
Name of publisher, distributor, etc. Bahurūpī Prakāśana
Date of publication, distribution, etc. [1958]
300 ## - PHYSICAL DESCRIPTION
Extent 135 p.
Dimensions 19 cm.
500 ## - GENERAL NOTE
General note In Marathi.
650 #0 - SUBJECT ADDED ENTRY--TOPICAL TERM
Topical term or geographic name entry element Family life education.

No items available.

Powered by Koha